Flow in open channels (Record no. 166792)

MARC details
000 -LEADER
fixed length control field 00556nam a22001817a 4500
005 - DATE AND TIME OF LATEST TRANSACTION
control field 20190808122537.0
010 ## - LCCN (DPL NO)
LC control number ENG-126046
020 ## - INTERNATIONAL STANDARD BOOK NUMBER
International Standard Book Number 9789386526717
Terms of availability 650.00
035 ## - SYSTEM CONTROL NUMBER
System control number EN-109678
037 ## - SOURCE OF ACQUISITION
Source of stock number/acquisition DBAD/PUB
082 ## - DEWEY DECIMAL CLASSIFICATION NUMBER
Classification number 627.13
100 ## - MAIN ENTRY--PERSONAL NAME
Personal name Subramanya,K
245 ## - TITLE STATEMENT
Title Flow in open channels
Statement of responsibility, etc by K.Subramanya.
260 ## - PUBLICATION, DISTRIBUTION, ETC. (IMPRINT)
Name of publisher, distributor, etc McGraw Hill Education (India) Private Limited
Date of publication, distribution, etc 2019
Place of publication, distribution, etc Chennai
270 ## - ADDRESS
Address 444/1,Sri Ekambara Naicker Industrial Estate,Alapakkam,Porur
300 ## - PHYSICAL DESCRIPTION
Extent 656p.
Dimensions 23cm(pbk)
942 ## - ADDED ENTRY ELEMENTS (KOHA)
Source of classification or shelving scheme Dewey Decimal Classification
Item type English Books
Classification part 627.13
Call number suffix SUB
Holdings
Withdrawn status Lost status Not for loan Collection code Home library Current library Date acquired Source of acquisition Cost, normal purchase price Full call number Barcode Copy number Cost, replacement price Koha item type
      Non-fiction Shahdara Branch Shahdara Branch 08/08/2019 DBAD 650.00 627.13 SUB EN-109678 1 650.00 English Books

© Delhi Public Library
Hit Counter
free hit counter